The strategy of financial pressure

Guardat en:
Dades bibliogràfiques
Autor principal: Grant, A.T.K.
Format: Llibre
Idioma:Undetermined
Publicat: London Macmillan 1972
Matèries:
Etiquetes: Afegir etiqueta
Sense etiquetes, Sigues el primer a etiquetar aquest registre!
Thư viện lưu trữ: Trung tâm Học liệu Trường Đại học Cần Thơ
LEADER 00459nam a2200181Ia 4500
001 CTU_86158
008 210402s9999 xx 000 0 und d
082 |a 332.4 
082 |b G761 
100 |a Grant, A.T.K. 
245 4 |a The strategy of financial pressure 
245 0 |c A.T.K. Grant 
260 |a London 
260 |b Macmillan 
260 |c 1972 
650 |a Fiscal policy 
904 |i Năm 
980 |a Trung tâm Học liệu Trường Đại học Cần Thơ